000 00526nam a2200193Ia 4500
005 20250508152603.0
008 008 250505s9999 xx 000 0 hin d
037 _aTextual
040 _aFEDL
_beng
_cFEDL
041 _ahin
_2eng
084 _a360, DUT
_qFEDL
100 _aDutta Shiv Chandr
_9761877
245 0 _aNaye jivan ki oaur
260 _aNew Delhi, India
_bSasta Sahitya Mandal
_c1959
300 _a99p.
700 _a Dutta Vimla
_9761878
942 _cTEXL
_h360, DUT
999 _c1337431
_d1337431